Legal actions by a tenant against owner or agent for safety defects (Record no. 68892)
[ view plain ]
| 000 -LEADER | |
|---|---|
| fixed length control field | 00903cam a2200241 4500 |
| 001 - CONTROL NUMBER | |
| control field | ABS64813 |
| 008 - FIXED-LENGTH DATA ELEMENTS--GENERAL INFORMATION | |
| fixed length control field | 011121n2001 000 0 eng u |
| 035 ## - SYSTEM CONTROL NUMBER | |
| System control number | (Sirsi) u115672 |
| 100 ## - MAIN ENTRY--PERSONAL NAME | |
| Personal name | Whitby, K. |
| 245 ## - TITLE STATEMENT | |
| Title | Legal actions by a tenant against owner or agent for safety defects |
| 260 ## - PUBLICATION, DISTRIBUTION, ETC. | |
| Date of publication, distribution, etc. | 2001 |
| 490 ## - SERIES STATEMENT | |
| Series statement | REIV |
| Volume/sequential designation | 65(5) October 2001, 12-13(2) |
| 520 ## - SUMMARY, ETC. | |
| Summary, etc. | Article examines the issue of when a property owner and/or the agent managing the property could be liable to tenants for personal injuries caused to the tenant as a result of building defects in the rented property. Discusses various case law including "Northern Sandblasting Pty Ltd v Harris" (1997) |
| 590 ## - LOCAL NOTE (RLIN) | |
| Local note | ABS |
| 650 ## - SUBJECT ADDED ENTRY--TOPICAL TERM | |
| Topical term or geographic name entry element | BUILDING DEFECTS |
| 650 ## - SUBJECT ADDED ENTRY--TOPICAL TERM | |
| Topical term or geographic name entry element | MANAGING AGENTS |
| 650 ## - SUBJECT ADDED ENTRY--TOPICAL TERM | |
| Topical term or geographic name entry element | TENANTS |
| 650 ## - SUBJECT ADDED ENTRY--TOPICAL TERM | |
| Topical term or geographic name entry element | NEGLIGENCE |
| 650 ## - SUBJECT ADDED ENTRY--TOPICAL TERM | |
| Topical term or geographic name entry element | LIABILITY |
| 650 ## - SUBJECT ADDED ENTRY--TOPICAL TERM | |
| Topical term or geographic name entry element | CASE LAW |
| 690 ## - LOCAL SUBJECT ADDED ENTRY--TOPICAL TERM (OCLC, RLIN) | |
| Topical term or geographic name as entry element | Dilapidations |
| 9 (RLIN) | 6235 |
| 942 ## - ADDED ENTRY ELEMENTS (KOHA) | |
| Suppress in OPAC | 0 |
| Withdrawn status | Lost status | Source of classification or shelving scheme | Damaged status | Not for loan | Home library | Current library | Shelving location | Date acquired | Total Checkouts | Full call number | Barcode | Date last seen | Copy number | Price effective from | Koha item type |
|---|---|---|---|---|---|---|---|---|---|---|---|---|---|---|---|
| Dewey Decimal Classification | London | London | Journal article | 21/11/2001 | ABS64813 | 115672-1001 | 06/08/2019 | 1 | 06/08/2019 | Journal article |